Sports Quiz

Random Sports or NBA Quiz
Score 0/16 Timer 10:00
0 Plays Today
% Correct
Kareem Abdul-Jabbar
92.4%
Dwyane Wade
90.3%
Amar'e Stoudemire
87.8%
Hakeem Olajuwon
85.8%
Horace Grant
84.8%
James Worthy
83.1%
Tony Parker
79.9%
Kirk Hinrich
75%
% Correct
Kurt Rambis
62.9%
George Mikan
61.9%
Caron Butler
58.8%
Moses Malone
44%
Luis Scola
30.6%
Buck Williams
29.5%
Bo Outlaw
18.5%
Jason Maxiell
5.5%

You're not logged in!

Compare scores with friends on all Sporcle quizzes.
OR
Log In

Sporcle TV

Today on Sporcle TV


Watch our educational content, quiz creation guides, and fun videos on Sporcle TV.

Show Comments

Extras

Top Quizzes Today


Score Distribution

Paid Content

Your Account Isn't Verified!

In order to create a playlist on Sporcle, you need to verify the email address you used during registration. Go to your Sporcle Settings to finish the process.

Report this User

Report this user for behavior that violates our Community Guidelines.

Details: